000 00530nam a2200169Ia 4500
008 090711s9999 xx 000 0 und d
082 _b40878
100 _aपांढरीपांडे विजय म.
245 _aपत्रांजली
260 _c1974
300 _a194
600 _aपांढरीपांडे विजय म.
630 _aपत्रांजली
700 _aपांढरीपांडे विजय म.
730 _aपत्रांजली
942 _cBOOK
999 _c294010
_d294010